ポケモン言えるかな(逆翻訳) - Statistics

General Stats
  • This quiz has been taken 15 times
  • The average score is 36 of 151
Answer Stats
Answer % Correct
中指
86%
パワー・イン・ザ・メノ
86%
アーボック
86%
カモメ
86%
代金引換
71%
疾走
71%
アヒ
71%
草井花
71%
蜥蜴
71%
メタモン
71%
株式会社キリオ
57%
江戸
57%
コレッタ株式会社
57%
乗算
57%
数十億
57%
株式会社エヴィー
57%
多角形
57%
バンド
57%
57%
裁判所
57%
43%
アヒル
43%
43%
カード
43%
43%
口先
43%
閉める
43%
銀河
43%
夜明け
43%
シャワー
43%
ゼニガネ
43%
ちくしょう
43%
家賃
43%
おお
43%
大桃
43%
王はいない
43%
ふしぎっす
43%
43%
無料
43%
ニラ(女性)
43%
ニラ(プリント)
43%
ズドン
29%
ガンガー株式会社
29%
ピンク
29%
ニョーロゾ
29%
トスキント
29%
コワエ
29%
シニアカメ
29%
ハンター
29%
視聴率
29%
白尿
29%
中国上着
29%
ポニー
29%
汚れ
29%
グループ
29%
知らない携帯電話
29%
1万歩寝る
29%
Ngになれ
29%
アルボ株式会社
14%
株式会社カボト
14%
株式会社サイード
14%
14%
浪費
14%
ニャー
14%
嬉しい
14%
ラテ
14%
ドリル
14%
寒い
14%
無邪気な状態
14%
キャプテン
14%
14%
谷ヒーター
14%
ワンワン
14%
吾妻大学
14%
雇用雇用
14%
刺青
14%
リップ・リップ
14%
萌え
14%
14%
黴臭い
14%
爆破
14%
回転
14%
スキーマ
14%
ひげ
14%
リー・シ・トゥ・ブ・オハ
14%
14%
海外
14%
ふしぎばなな
14%
モー
14%
14%
ムウトゥ
14%
無視
14%
14%
14%
ガスボックス
14%
よし、”ラ”
14%
花カー
0%
精神的な形、生きる精神、自然、本質、魂、態度、気分、雰囲気
0%
ロングストーン
0%
データ
0%
レイショー株式会社
0%
あなたの墓から出てくる
0%
ラブ
0%
ホタテ、小野
0%
勾配
0%
洗浄
0%
株式会社 束
0%
パー
0%
マタドガ
0%
株式会社パポポ
0%
舞台
0%
ベットベトー
0%
キャンドル
0%
苔牧師
0%
ジャケット
0%
ジョー・ノ・クッチ・チャ著
0%
ニョラヴォン
0%
緑のシャツ
0%
ニダリナ
0%
トルコ人補佐官
0%
マルモイン
0%
パラダイス
0%
0%
怖がらないで下さい
0%
ジュニア
0%
指輪
0%
ティアラジャナ
0%
カマキリ
0%
スリッパ
0%
共演者
0%
またつまみ
0%
プラ
0%
ニダリノ
0%
ペルシャ語
0%
株式会社京コン
0%
0%
ビショップ
0%
0%
株式会社オムスター
0%
コメンテーター
0%
ニオロモ
0%
神社
0%
ルソン株式会社
0%
牡牛座
0%
クマー常務取締役
0%
iTunes
0%
No matching quizzes found
Score Distribution
Percent of People with Each Score
Percentile by Number Answered
Your Score History
You have not taken this quiz